000 00284nam a22001097a 4500
008 160504b xxu||||| |||| 00| 0 eng d
020 _a0534546161
041 _aeng
080 _a612.39
245 _aUnderstanding nutrition:
_cEleanor Noss Whitney; Sharon Rady Rolfes;
942 _2udc
_cBK
999 _c1771
_d1771